Statistics for Countries that End in I

Click here to take the quiz!

General Stats

  • This quiz has been taken 49,448 times
    (34,808 since last reset)
  • The average score is 6 of 9

Answer Stats

ContinentCountry% Correct
OceaniaFiji
88%
AfricaMali
76%
North AmericaHaiti
75%
OceaniaKiribati
71%
AfricaDjibouti
66%
AfricaBurundi
65%
AfricaMalawi
64%
AsiaBrunei
56%
AfricaEswatini
53%

Score Distribution

Percentile by Number Answered

Percent of People with Each Score

Your Score History

You have not taken this quiz since the last reset